La India por mil millones de razones

-д хадгалсан:
Номзүйн дэлгэрэнгүй
Формат: Ном
Хэл сонгох:англи
испани
Хэвлэсэн: Nueva Delhi, India Wisdom Tree 2013
Нөхцлүүд:
Шошгууд: Шошго нэмэх
Шошго байхгүй, Энэхүү баримтыг шошголох эхний хүн болох!

MARC

LEADER 00000nam a22000007a 4500
003 CL-VaPUC
005 20230112074239.0
008 200227b ||||| |||| 00| 0 eng d
999 |c 416820  |d 416818 
020 |a 9788183283175 
040 |c Pontificia Universidad Católica de Valparaíso 
041 0 |a spa 
082 |a 954 IND 2013 
245 1 3 |a La India por mil millones de razones 
260 3 |a Nueva Delhi, India  |b Wisdom Tree  |c 2013 
300 |a 201 p 
583 |c 20200227  |k Daniel Castañeda 
650 0 0 |a HISTORIA DE LA INDIA  |9 438922 
650 0 0 |a CULTURA HINDU  |9 719814 
651 0 0 |a India  |9 267804 
942 |2 ddc  |c BK 
952 |0 0  |1 0  |2 ddc  |4 0  |6 954_000000000000000_IND_2013  |7 0  |8 A  |9 551495  |a BIBGIM  |b BIBGIM  |d 2020-02-27  |i 5614929  |o 954 IND 2013  |p 5614929  |r 2025-01-15  |t 1  |w 2020-02-27  |y BK  |k ORI